000
00326nam a2200133Ia 4500
008
210210b1977 xxu||||| |||| 00| 0 eng d
082
_a
820.33 ANAV
100
_a
ANAND (Mulk Raj).
245
_a
Village.
260
_a
New Delhi.
_b
Orient Paperbacks.,
_c
1977
300
_a
104
690
_a
English Fiction
906
_a
SG00051
999
_c
111397
_d
111397